书目信息 |
| 书名: | Political behavior of the American electorate | |
| 作者: | William H. Flanigan, Nancy H. Zingale. | |
| 分册号: | ||
| 分册名: | 出版地: | Washington, DC : |
|
| 出版社: | CQ Press | |
| 出版时间: | c1998. | |
| 页数: | xvi, 208 p. : | |
| 开本: | 23 cm. | |
| 丛书名: | ||
| 中图分类号: | ||
| 科图分类号: | ||
| 其他分类号: | D712.24 | |
| 主题词: | ||
| 电子资源: | ||
| 000 | 01082cam a2200313 a 450 | |
| 001 | E0753400221 | |
| 005 | 20070512084807.82 | |
| 008 | 971208s1998 dcua b 001 0 eng | |
| 010 | @a97047675 | |
| 020 | @a1568023324. | |
| 035 | @A(DLC) 97047675 | |
| 040 | @aDLC@cDLC@dDLC | |
| 043 | @an-us--- | |
| 050 | 00 | @aJK1967@b.F38 1998 |
| 082 | 00 | @a324.973@2 21 |
| 090 | @aD712.24 | |
| 099 | @dD712.24@ex8=9 | |
| 100 | 1 | @aFlanigan, William H. |
| 245 | 10 | @aPolitical behavior of the American electorate / @cWilliam H. Flanigan, Nancy H. Zingale. |
| 250 | @a9th ed. | |
| 260 | @aWashington, DC :@bCQ Press,@cc1998. | |
| 300 | @axvi, 208 p. :@bill. ;@c23 cm. | |
| 504 | @aIncludes bibliographical references and index. | |
| 650 | 0 | @aVoting@zUnited States. |
| 700 | 1 | @aZingale, Nancy H. |
| 906 | @a7@bcbc@corignew@d1@eocip@f19@gy-gencatlg | |
| 920 | @a**LC HAS REQ’D # OF SHELF COPIES** | |
| 955 | @apc03 to sa00 12-08-97; sf08 12-09-97; sf11 12-09-97; sf05 12-10-97; CIP ver. sf15 04-08-98 | |
| 991 | @bc-GenColl@hJK1967@i.F38 1998@p00055588430@tCopy 1@wBOOKS | |
| Political behavior of the American electorate / / William H. Flanigan, Nancy H. Zingale.-9th ed.-Washington, DC : : CQ Press, , c1998. |
| xvi, 208 p. : : ill. ; ; 23 cm. |
| Includes bibliographical references and index. |
| ISBN 1568023324. |
| ● |
| 相关链接 |
|
|
|
|
正题名:Political behavior of the American electorate
索取号:D712.24/x8=9
 
预约/预借
| 序号 | 登录号 | 条形码 | 馆藏地/架位号 | 状态 | 备注 |
| 1 | 0001643 | 300016435 | 第四借阅区/ [索取号:D712.24/x8=9] | 在馆 | |
| 2 | 0001652 | 300016523 | 第四借阅区/ [索取号:D712.24/x8=9] | 在馆 | |
| 3 | 007830 | 300078305 | 第二样本阅览室/ [索取号:D712.24/x8=9] | 在馆 | |
| 4 | 007831 | 300078314 | 第四借阅区/ [索取号:D712.24/x8=9] | 在馆 | |
| 5 | 007832 | 300078323 | 第四借阅区/ [索取号:D712.24/x8=9] | 在馆 | |
| 6 | 007833 | 300078332 | 第四借阅区/ [索取号:D712.24/x8=9] | 在馆 |